Statistics for All US and Canadian Cities with a Big 7 Sports Team

Click here to take the quiz!

General Stats

  • This quiz has been taken 172 times
  • The average score is 43 of 55

Answer Stats

# City Teams % Correct
11New YorkGiants, Islanders, Jets, Knicks, Liberty, Mets, Nets, NYCFC, Rangers, Red Bulls, Yankees
98%
7Los AngelesClippers, Dodgers, Galaxy, Kings, Lakers, Rams, Sparks
98%
5TorontoArgonauts, Blue Jays, Maple Leafs, Raptors, Toronto FC
96%
4MiamiDolphins, Heat, Marlins, Panthers
95%
4HoustonAstros, Dynamo, Rockets, Texans
95%
7ChicagoBears, Blackhawks, Bulls, Cubs, Fire, Sky, White Sox
94%
6DallasCowboys, FC Dallas, Mavericks, Rangers, Stars, Wings
94%
4DetroitLions, Pistons, Red Wings, Tigers
93%
5BostonBruins, Celtics, Patriots, Red Sox, Revolution
93%
5DenverAvalanche, Broncos, Nuggets, Rapids, Rockies
92%
4SeattleMariners, Seahawks, Sounders, Storm
91%
3MontrealAlouettes, Canadiens, Impact
90%
3VancouverCanucks, Lions, Whitecaps
90%
2San Francisco49ers, Giants
90%
4AtlantaBraves, Dream, Falcons, Hawks
90%
6Washington D.C.Capitals, D.C United, Mystics, Nationals, Redskins, Wizards
89%
2San DiegoChargers, Padres
87%
5Philadelphia76ers, Eagles, Flyers, Phillies, Union
87%
3TampaBuccaneers, Lightning, Rays
86%
5PhoenixCardinals, Coyotes, Diamondbacks, Mercury, Suns
86%
3ClevelandBrowns, Cavaliers, Indians
86%
2CharlotteHornets, Panthers
85%
3PittsburghPenguins, Pirates, Steelers
85%
2San AntonioSpurs, Stars
84%
2PortlandTimbers, Trail Blazers
84%
2CalgaryFlames, Stampeders
84%
2EdmontonEskimos, Oilers
83%
3Kansas CityChiefs, Royals, Sporting KC
83%
4MinneapolisLynx, Timberwolves, Twins, Vikings
82%
2New OrleansPelicans, Saints
82%
2OttawaRedblacks, Senators
81%
2BaltimoreOrioles, Ravens
81%
2OrlandoMagic, Orlando City SC
80%
2Saint LouisBlues, Cardinals
80%
1Oklahoma CityThunder
79%
1MemphisGrizzlies
78%
3IndianapolisColts, Fever, Pacers
78%
2WinnipegBlue Bombers, Jets
77%
2BuffaloBills, Sabres
76%
2NashvillePredators, Titans
76%
1JacksonvilleJaguars
75%
2MilwaukeeBrewers, Bucks
75%
2CincinnatiBengals, Reds
74%
3OaklandAthletics, Raiders, Warriors
74%
2San JoseEarthquakes, Sharks
74%
2ColumbusBlue Jackets, Crew
73%
1SacramentoKings
73%
2Salt Lake CityJazz, Real Salt Lake
71%
1RaleighHurricanes
67%
1Green BayPackers
66%
2AnaheimAngels, Ducks
51%
1NewarkDevils
46%
1HamiltonTiger-cats
34%
1ReginaRoughriders
33%
1MontvilleSun
7%

Score Distribution

Percentile by Number Answered

Percent of People with Each Score

Your Score History

You have not taken this quiz